Convex figures (Record no. 50464)
[ view plain ]
| 000 -LEADER | |
|---|---|
| fixed length control field | 01054nam a2200289 a 4500 |
| 001 - CONTROL NUMBER | |
| control field | 50464 |
| 003 - CONTROL NUMBER IDENTIFIER | |
| rucl marc code | BD-RjUL |
| 005 - DATE AND TIME OF LATEST TRANSACTION | |
| control field | 20211209075519.0 |
| 008 - FIXED-LENGTH DATA ELEMENTS--GENERAL INFORMATION | |
| fixed length control field | 270816s1961 nyua b 000 0 eng |
| 035 ## - SYSTEM CONTROL NUMBER | |
| System control number | (BD-RjUL)50584 |
| 040 ## - CATALOGING SOURCE | |
| Original cataloging agency | DLC/ICU |
| Transcribing agency | ICU |
| Modifying agency | DLC |
| -- | BD-RjUL |
| Language of cataloging | eng |
| 041 1# - LANGUAGE CODE | |
| Language code of text/sound track or separate title | engrus |
| 082 00 - DEWEY DECIMAL CLASSIFICATION NUMBER | |
| Classification number | 513.5 |
| Author mark and year | YAC 1961 |
| 100 1# - MAIN ENTRY--PERSONAL NAME | |
| Personal name | Yaglom, I. M. |
| Fuller form of name | (Isaak Moiseevich), |
| Dates associated with a name | 1921- |
| 9 (RLIN) | 151186 |
| 245 10 - TITLE STATEMENT | |
| Title | Convex figures |
| Statement of responsibility, etc. | [by] I.M. Yaglom and V.G. Boltyanskiĭ. Translated by Paul J. Kelly and Lewis F. Walton. |
| 260 ## - PUBLICATION, DISTRIBUTION, ETC. (IMPRINT) | |
| Place of publication, distribution, etc. | New York : |
| Name of publisher, distributor, etc. | Holt, Rinehart and Winston, |
| Date of publication, distribution, etc. | c1961 |
| 300 ## - PHYSICAL DESCRIPTION | |
| Pagination | 301 p. : |
| Illustrations | ill. ; |
| Size | 25 cm. |
| 490 1# - SERIES STATEMENT | |
| Series statement | Library of the mathematical circle, |
| Volume/sequential designation | v. 4 |
| 500 ## - GENERAL NOTE | |
| General note | Translation of [Vypuklye figury] |
| 504 ## - BIBLIOGRAPHY, ETC. NOTE | |
| Bibliography, etc | Includes bibliography: p. 295-296. |
| 650 #0 - SUBJECT ADDED ENTRY--TOPICAL TERM | |
| Topical term or geographic name as entry element | Convex surfaces. |
| 9 (RLIN) | 151187 |
| 700 1# - ADDED ENTRY--PERSONAL NAME | |
| Personal name | Bolti︠a︡nskiĭ, V. G. |
| Fuller form of name | (Vladimir Grigorʹevich), |
| Dates associated with a name | 1925- |
| Relator term | joint author. |
| 830 #0 - SERIES ADDED ENTRY--UNIFORM TITLE | |
| Uniform title | Biblioteka matematicheskogo kruzhka. |
| Volume number/sequential designation | English |
| 942 ## - ADDED ENTRY ELEMENTS (KOHA) | |
| Source of classification or shelving scheme | Dewey Decimal Classification |
| Koha item type | Books |
| Lost status | Source of classification or shelving scheme | Damaged status | Not for loan | Collection code | Permanent Location | Current Location | Shelving location | Date acquired | Source of acquisition | Cost, normal purchase price | Total Checkouts | Full call number | Date last seen | Copy number | Koha item type |
|---|---|---|---|---|---|---|---|---|---|---|---|---|---|---|---|
| Dewey Decimal Classification | Non-fiction | Central Library, University of Rajshahi | Central Library, University of Rajshahi | 26/01/1963 | Zeitlinger | 38.00 | 513.5 YAC 1961 | 27/08/2016 | C-2 | Books |